000 00386nam a2200145Ia 4500
008 230917s9999||||xx |||||||||||||| ||und||
040 _e131468
_aMAIN
041 _aEnglish
082 _a658 C266C
100 _aKumar, Satyaki Ray
245 0 _aCase studies on global steel industry getting bigger and better
260 _aHyderabad
_bICFAI
_c2007
300 _a216p p.
942 _cBK
999 _c143622
_d143622